|
|
|
|
| LEADER |
01705cam a2200517 a 4500 |
| 001 |
nkc20061658706 |
| 003 |
CZ PrNK |
| 005 |
20070207144618.0 |
| 007 |
ta |
| 008 |
060425s2006 xr a e f 000 0 cze d |
| 015 |
|
|
|a cnb001658706
|
| 020 |
|
|
|a 80-86891-29-1
|q (váz.)
|
| 035 |
|
|
|a (OCoLC)53515262
|
| 040 |
|
|
|a CBA001
|b cze
|d BOA001
|d ABA001
|
| 072 |
|
7 |
|a 632
|x Ochrana rostlin. Fytopatologie
|2 Konspekt
|9 24
|
| 080 |
|
|
|a 634.1/.8
|2 MRF
|
| 080 |
|
|
|a 635.1/.8
|2 MRF
|
| 080 |
|
|
|a 635.92.054
|2 MRF
|
| 080 |
|
|
|a 632.2/.4
|2 MRF
|
| 080 |
|
|
|a 632.6/.7
|2 MRF
|
| 080 |
|
|
|a 632
|2 MRF
|
| 080 |
|
|
|a (084.42)
|2 MRF
|
| 100 |
1 |
|
|a Rod, Jaroslav,
|d 1943-2025
|7 mzk2003194527
|4 aut
|
| 245 |
1 |
0 |
|a Atlas chorob a škůdců ovoce, zeleniny a okrasných rostlin /
|c Jaroslav Rod
|
| 250 |
|
|
|a 2., přeprac. a dopl. vyd.
|
| 260 |
|
|
|a [Líbeznice] :
|b Víkend,
|c 2006
|
| 300 |
|
|
|a 94 s. :
|b barev. il. ;
|c 21 cm
|
| 650 |
0 |
7 |
|a ovocné dřeviny
|7 ph115632
|2 czenas
|
| 650 |
0 |
7 |
|a zelenina
|7 ph116750
|2 czenas
|
| 650 |
0 |
7 |
|a okrasné rostliny
|7 ph115576
|2 czenas
|
| 650 |
0 |
7 |
|a nemoci rostlin
|7 ph134930
|2 czenas
|
| 650 |
0 |
7 |
|a škůdci rostlin
|7 ph127823
|2 czenas
|
| 650 |
0 |
7 |
|a fytopatologie
|7 ph114599
|2 czenas
|
| 650 |
0 |
9 |
|a fruit woody plants
|2 eczenas
|
| 650 |
0 |
9 |
|a vegetables
|2 eczenas
|
| 650 |
0 |
9 |
|a ornamental plants
|2 eczenas
|
| 650 |
0 |
9 |
|a plant diseases
|2 eczenas
|
| 650 |
0 |
9 |
|a pests of plants
|2 eczenas
|
| 650 |
0 |
9 |
|a phytopathology
|2 eczenas
|
| 655 |
|
7 |
|a atlasy
|7 fd131835
|2 czenas
|
| 655 |
|
9 |
|a atlases
|2 eczenas
|
| 910 |
2 |
|
|a BOA001
|b 2-1177.019
|
| 990 |
|
|
|a BK
|
| 995 |
|
|
|a 01
|
| 991 |
|
|
|b 200611
|c NOV
|
| 996 |
6 |
|
|b 2610294477
|c 2-1177.019
|l MZK
|r Sklad / do 1 hodiny
|n 6
|p p.v.
|w 000833480
|u 000010
|a 1
|e BOA001
|j MZK50
|s P
|